Divadelné útržky

Bibliographic Details
Main Author: Obernauerová, Mária (Author)
Format: Article
Language:Slovak
ISSN:0323-2883
Subjects:

MARC

LEADER 00000nab a2200000 a 4500
001 vtls009306228
003 SK-MaSNL
005 20260304151757.0
008 250506c2008 xo qr|p|||||||000 b|slo
015 |a SNBRB2008/06  |2 snkbucl 
035 |a (uuid)6628b034-0ff2-4736-920f-0fec98423e28 
035 |a urn:nbn:sk:snk-abdri8 
035 |a (urnnbn)urn:nbn:sk:snk:ar-0019qq 
038 |a SNKBUCL 
040 |a SNKBUCL  |b slo  |c SNKBUCL  |e AACR2 
041 0 |a slo 
044 |a xo  |c SK 
080 |a 792(437.6):792.077  |2 2001 
080 |a 792.077  |x (437.6)  |2 2001 
100 1 |a Obernauerová, Mária  |4 aut  |9 1473413 
245 1 0 |a Divadelné útržky  |c Mária Obernauerová 
610 2 7 |a Divadelný súbor Jána Chalupku  |2 snkbucl  |9 230415 
651 7 |a Brezno (Slovensko)  |2 snkbucl  |9 31403 
655 7 |a spomienky  |2 snkbucl  |9 29509 
773 0 |t Javisko  |g Roč. 40, č. 2 (2008), s. 52  |x 0323-2883 
850 |a Slovenská národná knižnica 
852 |a Slovenská národná knižnica 
954 |a odborná, vedecká literatúra pôvodná (slovenská)  |2 lita 
958 |a article19 
958 |a OND 
958 |a SK 
958 |a EUIPO 
999 |c 2945721  |d 2947651